| 000 | 00641nam a22002057a 4500 | ||
|---|---|---|---|
| 003 | OSt | ||
| 005 | 20251103030832.0 | ||
| 008 | 251103b |||||||| |||| 00| 0 eng d | ||
| 020 | _a13: 978-0-393-92502-9. | ||
| 040 |
_aDWCL-Main lib _cOC |
||
| 082 |
_22nd ed. _aCirc. 550 M365e 2005 |
||
| 100 | _aMarshak, Stephen | ||
| 245 |
_aEarth : _bportrait of a planet 2nd ed. _cMarshak, Stephen |
||
| 260 |
_aN.Y. : _bW. W. Norton & Co., _cc2005. |
||
| 300 |
_axx, (various paging) : _bcolored illustration ; _c27 cm. |
||
| 504 | _aIncludes index. | ||
| 650 | _21. Earth sciences. | ||
| 650 | _22. Earth. | ||
| 942 |
_2ddc _cBK-CIRC _e2nd ed. _kCirc. _n0 |
||
| 999 |
_c5391 _d5391 |
||